LDR 01096naa#a2200193#i#450# 001 RU\\bibl\120410 005 20260417172211.5 011 ## _a2782-4586 100 ## _a20260331b2026####ek#y0rusy0150####ca 102 ## _aRU 200 1# _aКоличественная оценка экономической целесообразности трансформации процесса найма с использованием ИИ-агентов _eЖурнальная статья 210 1# _aМосква _cУниверситет ИТБО _d2026 215 ## _a8 с. 608 ## _aЖурнальная статья _2local 675 ## _aРабота с кадрами. Обеспечение кадрами. Внутренний распорядок. Трудовая дисциплина. 331.108 _aНосители вводимых и выводимых данных. Запоминающие среды. 004.08 _z 700 #1 _aАбрамов _gВиктор Иванович 700 #1 _aМедеров _gИслам Медерович 700 #1 _aСеменов _gНикита Алексеевич 856 4# _ajomeam.ru _u